Movies Quiz

Random Movies or Clickable Quiz

This 'And The' That Movies Quiz Stats

Quiz Updated Mar 10, 2015

Challenge
Share
Tweet
Score 0/35 Timer 05:00
7 Plays Today
% Correct
Alvin
99%
Charlie
98.9%
Snow White
98.8%
Beauty
98.7%
Harry Potter
98.2%
Indiana Jones
98%
The Fast
97.8%
Lady
95.9%
Sex
95.8%
The Fox
94.9%
Monty Python
94.8%
James
94.7%
Butch Cassidy
92%
The Princess
89.8%
Smokey
83.7%
The Old Man
83.2%
Josie
81.5%
Jason
79%
% Correct
Harry
73.8%
The Quick
73.6%
Anna
68.1%
Sky Captain
67.9%
The Squid
67.8%
The Pit
67.1%
The Sword
66%
Akeelah
62.2%
Harley Davidson
55.1%
Lars
54%
Hedwig
51.8%
The Ghost
46.9%
Eddie
43.9%
Dr. T
37.7%
Dr. Goldfoot
35.4%
The Serpent
33.7%
Death
33%

You're not logged in!

Compare scores with friends on all Sporcle quizzes.
Sign Up with Email
OR
Log In

You Might Also Like...

Show Comments

Extras

Top Quizzes Today


Score Distribution

Your Account Isn't Verified!

In order to create a playlist on Sporcle, you need to verify the email address you used during registration. Go to your Sporcle Settings to finish the process.